[Event "2. Bundesliga Ost 2013/2014"]
[Site "Wien"]
[Date "2014.03.22"]
[Round "10"]
[Board "5"]
[White "Bachofner, Christian"]
[Black "Mittermayr, Gerhard"]
[Result "1-0"]
[WhiteElo "2076"]
[BlackElo "2104"]
[PlyCount "103"]
[EventDate "2013.10.05"]
[EventType "team"]
[EventRounds "11"]
[EventCountry "AUT"]
[WhiteTeam "Blackburne Nickelsdorf"]
[BlackTeam "ASVOE VHS Poechlarn"]

1. e4 e6 2. d4 d5 3. Nc3 Nf6 4. Bg5 Be7 5. e5 Nfd7 6. h4 h6 7. Bxe7 Qxe7 8. Qg4
O-O 9. f4 c5 10. Nf3 Nc6 11. O-O-O a6 12. h5 b5 13. dxc5 Nxc5 14. Qh4 Qxh4 15.
Rxh4 b4 16. Ne2 a5 17. Ned4 Nxd4 18. Nxd4 a4 19. Bd3 Ba6 20. Rh3 Nxd3+ 21. cxd3
Rfc8+ 22. Kd2 Rc7 23. Rc1 Rxc1 24. Kxc1 Rc8+ 25. Kd2 Kf8 26. Rh1 a3 27. b3 Rc3
28. Rh3 Rc8 29. Ne2 Ke7 30. Rh1 Kd7 31. Rc1 Rg8 32. Rc5 g6 33. hxg6 fxg6 34.
Nd4 g5 35. f5 exf5 36. Rc6 Bb7 37. Rd6+ Ke8 38. Rxh6 f4 39. Rh7 Bc8 40. Nc6 g4
41. Ne7 Rg5 42. Nxc8 f3 43. Nd6+ Kf8 44. gxf3 gxf3 45. Rf7+ Kg8 46. Rxf3 Rg2+
47. Ke3 Rxa2 48. e6 Ra1 49. Rf7 Re1+ 50. Kd4 Rxe6 51. Kxd5 Re3 52. Kc4 1-0

[Event "2. Bundesliga Ost 2013/2014"]
[Site "Wien"]
[Date "2014.03.22"]
[Round "10"]
[Board "6"]
[White "Gratze, Michael"]
[Black "Kuntner, Reinhard"]
[Result "1-0"]
[WhiteElo "1982"]
[BlackElo "2093"]
[PlyCount "103"]
[EventDate "2013.10.05"]
[EventType "team"]
[EventRounds "11"]
[EventCountry "AUT"]
[WhiteTeam "ASVOE VHS Poechlarn"]
[BlackTeam "Blackburne Nickelsdorf"]

1. e4 d6 2. d4 Nf6 3. Nc3 g6 4. f4 Bg7 5. Nf3 c6 6. Bd3 Bg4 7. h3 Bxf3 8. Qxf3
O-O 9. e5 dxe5 10. dxe5 Nd5 11. Nxd5 Qxd5 12. Be4 Qd4 13. c3 Qb6 14. Qe3 Nd7
15. Qxb6 Nxb6 16. O-O Rfd8 17. b3 f6 18. Ba3 fxe5 19. f5 Nd5 20. fxg6 hxg6 21.
Bxg6 Bf6 22. c4 Nf4 23. Be4 Rd4 24. Rfe1 Rad8 25. Bc5 R4d7 26. Bxa7 Kf7 27. Bb6
Rg8 28. Rad1 Nxh3+ 29. Kf1 Rxd1 30. Rxd1 Ng5 31. Bf5 Ne6 32. Rd7 Nd4 33. Bxd4
exd4 34. Rxb7 Be5 35. Be4 Rc8 36. Ke2 c5 37. a4 Rb8 38. Rb5 Rxb5 39. cxb5 Bc7
40. Kd3 Ke6 41. Kc4 Ke5 42. Bd3 Bb6 43. b4 cxb4 44. Kxb4 Kf4 45. a5 Bd8 46. b6
e5 47. Kc5 Ke3 48. a6 Kxd3 49. a7 Bxb6+ 50. Kxb6 e4 51. a8=Q e3 52. Kc5 1-0

[Event "2. Bundesliga Ost 2013/2014"]
[Site "Wien"]
[Date "2014.03.22"]
[Round "10"]
[Board "1"]
[White "Nagy, Bence"]
[Black "Volkmann, Friedrich Karl"]
[Result "0-1"]
[WhiteElo "2358"]
[BlackElo "2420"]
[PlyCount "54"]
[EventDate "2013.10.05"]
[EventType "team"]
[EventRounds "11"]
[EventCountry "AUT"]
[WhiteTeam "SK Austria"]
[BlackTeam "ASVOE Wulkaprodersdorf"]

1. d4 d5 2. Nf3 Nf6 3. c4 c6 4. Nc3 e6 5. Bg5 Nbd7 6. e3 Qa5 7. Bxf6 Nxf6 8.
Bd3 Be7 9. O-O O-O 10. a3 dxc4 11. Bxc4 c5 12. Rc1 cxd4 13. exd4 Rd8 14. Qe2
Bd7 15. Rfd1 Rac8 16. Ne5 Be8 17. Qe3 Ng4 18. Nxg4 Rxc4 19. Ne5 Rcc8 20. h3 Qb6
21. Ne2 Qxb2 22. Rb1 Qxa3 23. Rxb7 Qxe3 24. fxe3 Bg5 25. Rd3 a5 26. Nc3 Kf8 27.
d5 Bf6 0-1

[Event "2. Bundesliga Ost 2013/2014"]
[Site "Wien"]
[Date "2014.03.22"]
[Round "10"]
[Board "2"]
[White "Wallner, Joachim"]
[Black "Sardy, Peter"]
[Result "1/2-1/2"]
[WhiteElo "2365"]
[BlackElo "2337"]
[PlyCount "80"]
[EventDate "2013.10.05"]
[EventType "team"]
[EventRounds "11"]
[EventCountry "AUT"]
[WhiteTeam "ASVOE Wulkaprodersdorf"]
[BlackTeam "SK Austria"]

1. d4 d6 2. e4 Nf6 3. Nc3 g6 4. Be3 Bg7 5. Qd2 a6 6. f3 b5 7. Nge2 Bb7 8. Bh6
Bxh6 9. Qxh6 e5 10. O-O-O Nbd7 11. h4 Qe7 12. g4 b4 13. Nd5 Nxd5 14. exd5 Nb6
15. Bg2 Bxd5 16. Rhe1 O-O-O 17. Nf4 Qf6 18. Nxd5 Nxd5 19. Re4 Rhe8 20. Qd2 exd4
21. g5 Qf5 22. Rh1 Kb7 23. Rxd4 Ne3 24. Rxb4+ Ka7 25. f4 Nxg2 26. Qxg2 Rb8 27.
Qf2+ c5 28. Rxb8 Kxb8 29. Qd2 d5 30. h5 Re4 31. hxg6 hxg6 32. Rh4 Kb7 33. b3 d4
34. Kb2 Re3 35. Qg2+ Qe4 36. Qg4 Re2 37. Qd7+ Kb6 38. Qd6+ Kb7 39. Qd7+ Kb6 40.
Qd6+ Kb7 1/2-1/2

[Event "2. Bundesliga Ost 2013/2014"]
[Site "Wien"]
[Date "2014.03.22"]
[Round "10"]
[Board "3"]
[White "Staudner, Oliver"]
[Black "Kopinits, Anna-Christina"]
[Result "1/2-1/2"]
[WhiteElo "2392"]
[BlackElo "2286"]
[PlyCount "224"]
[EventDate "2013.10.05"]
[EventType "team"]
[EventRounds "11"]
[EventCountry "AUT"]
[WhiteTeam "SK Austria"]
[BlackTeam "ASVOE Wulkaprodersdorf"]

1. e4 c5 2. c3 d5 3. exd5 Qxd5 4. d4 Nf6 5. Nf3 e6 6. Be3 cxd4 7. cxd4 Bb4+ 8.
Nc3 O-O 9. Bd3 b6 10. O-O Bxc3 11. bxc3 Ba6 12. Bxa6 Nxa6 13. Qa4 Qb7 14. c4
Rac8 15. Qb3 Nb8 16. a4 Qc7 17. Ne5 Nc6 18. Nxc6 Qxc6 19. Rfc1 Qc7 20. h3 Ne4
21. a5 Nd6 22. axb6 axb6 23. d5 Nxc4 24. dxe6 Qc6 25. exf7+ Rxf7 26. Ra6 Qb7
27. Rca1 Nxe3 28. Qxe3 Rb8 29. Qe6 Qd7 30. Rxb6 Qxe6 31. Rxe6 Rbf8 32. Ra2 h5
33. f3 Kh7 34. Kh2 Rf6 35. Re5 Rf5 36. Raa5 Rxe5 37. Rxe5 Kh6 38. Kg3 Rf6 39.
f4 g6 40. Kf3 Ra6 41. g4 hxg4+ 42. hxg4 Ra4 43. Re6 Kg7 44. Kg3 Rb4 45. Rc6 Ra4
46. Rc7+ Kf8 47. Rd7 Rb4 48. Kf3 Ra4 49. Ke3 Rb4 50. Rd4 Rb1 51. Rd6 Kf7 52.
Rd7+ Ke6 53. Ra7 Rb3+ 54. Kf2 Rc3 55. Ra6+ Kf7 56. Rd6 Ra3 57. g5 Rb3 58. Rf6+
Kg7 59. Re6 Kf7 60. Rf6+ Kg7 61. Rd6 Kf7 62. Ke2 Ra3 63. Rd3 Ra4 64. Ke3 Ke6
65. Kf3 Rb4 66. Ra3 Kf7 67. Ra7+ Kf8 68. Rd7 Ra4 69. Ke3 Rb4 70. Rd4 Rb1 71.
Ke4 Ke7 72. Ke5 Re1+ 73. Re4 Rd1 74. Rd4 Re1+ 75. Kd5 Ra1 76. Re4+ Kf7 77. Rc4
Rd1+ 78. Rd4 Ra1 79. Kd6 Ra6+ 80. Ke5 Re6+ 81. Kd5 Re8 82. Kc6 Rc8+ 83. Kd7 Ra8
84. Rd6 Ra7+ 85. Kd8 Ra8+ 86. Kc7 Ra7+ 87. Kb6 Ra1 88. Rf6+ Kg7 89. Kc5 Ra5+
90. Kb4 Ra1 91. Kc4 Ra4+ 92. Kd5 Ra5+ 93. Ke4 Ra4+ 94. Kf3 Ra3+ 95. Kg4 Rb3 96.
Rd6 Ra3 97. Rd7+ Kg8 98. Rd4 Rb3 99. f5 gxf5+ 100. Kxf5 Rb8 101. Rd7 Ra8 102.
Re7 Rb8 103. Kf6 Ra8 104. Rg7+ Kh8 105. Rf7 Kg8 106. Kg6 Rb8 107. Rf6 Ra8 108.
Kh6 Rb8 109. Rg6+ Kh8 110. Rc6 Kg8 111. Rc7 Ra8 112. g6 Rb8 1/2-1/2

[Event "2. Bundesliga Ost 2013/2014"]
[Site "Wien"]
[Date "2014.03.22"]
[Round "10"]
[Board "4"]
[White "Newrkla, Katharina"]
[Black "Plachetka, Jan"]
[Result "1/2-1/2"]
[WhiteElo "2174"]
[BlackElo "2365"]
[PlyCount "58"]
[EventDate "2013.10.05"]
[EventType "team"]
[EventRounds "11"]
[EventCountry "AUT"]
[WhiteTeam "ASVOE Wulkaprodersdorf"]
[BlackTeam "SK Austria"]

1. e4 c5 2. Nf3 e6 3. d4 cxd4 4. Nxd4 Nc6 5. Nc3 Nf6 6. Ndb5 d6 7. Bf4 e5 8.
Bg5 a6 9. Na3 b5 10. Nd5 Qa5+ 11. Bd2 Qd8 12. Bg5 Be7 13. Bxf6 Bxf6 14. c4 b4
15. Nc2 Rb8 16. Be2 O-O 17. b3 a5 18. O-O Bg5 19. Nde3 Bb7 20. Qd3 Qb6 21. Nd5
Qc5 22. Rad1 Kh8 23. Qg3 Bd8 24. Rd3 Ne7 25. Nce3 Bxd5 26. Nxd5 f5 27. Nxe7
Bxe7 28. exf5 Rxf5 29. Rd5 Qc7 1/2-1/2

[Event "2. Bundesliga Ost 2013/2014"]
[Site "Wien"]
[Date "2014.03.22"]
[Round "10"]
[Board "5"]
[White "Theissl-Pokorna, Regina"]
[Black "Mesaros, Florian"]
[Result "1-0"]
[WhiteElo "2343"]
[BlackElo "2180"]
[PlyCount "55"]
[EventDate "2013.10.05"]
[EventType "team"]
[EventRounds "11"]
[EventCountry "AUT"]
[WhiteTeam "SK Austria"]
[BlackTeam "ASVOE Wulkaprodersdorf"]

1. e4 c5 2. Nc3 Nc6 3. g3 g6 4. Bg2 Bg7 5. d3 e6 6. Be3 d6 7. Qd2 h6 8. Nge2
Nd4 9. Nd1 Ne7 10. c3 Nxe2 11. Qxe2 Nc6 12. Qd2 e5 13. O-O b6 14. f4 O-O 15.
fxe5 Nxe5 16. Bxh6 Bxh6 17. Qxh6 Nxd3 18. Ne3 Be6 19. Nf5 Qf6 20. Qe3 gxf5 21.
Qxd3 fxe4 22. Bxe4 Qe7 23. Bxa8 Rxa8 24. Rae1 Rd8 25. Rf4 Kf8 26. Rh4 d5 27.
Rh8+ Kg7 28. Qh7+ 1-0

[Event "2. Bundesliga Ost 2013/2014"]
[Site "Wien"]
[Date "2014.03.22"]
[Round "10"]
[Board "6"]
[White "Steinwender, Peter"]
[Black "Druckenthaner, Andreas"]
[Result "0-1"]
[WhiteElo "2059"]
[BlackElo "2324"]
[PlyCount "112"]
[EventDate "2013.10.05"]
[EventType "team"]
[EventRounds "11"]
[EventCountry "AUT"]
[WhiteTeam "ASVOE Wulkaprodersdorf"]
[BlackTeam "SK Austria"]

1. c4 g6 2. d4 Bg7 3. Nf3 d6 4. Nc3 Nc6 5. e4 Bg4 6. Be3 e5 7. d5 Nd4 8. Be2
Nxe2 9. Qxe2 Ne7 10. h3 Bd7 11. Nd2 f5 12. f3 O-O 13. O-O-O c6 14. Kb1 c5 15.
g4 f4 16. Bf2 a6 17. Bh4 h6 18. Ka1 g5 19. Be1 Ng6 20. Rb1 Bf6 21. Nb3 Qe8 22.
Rh2 Bd8 23. Rc1 b5 24. Nb1 Kg7 25. Na3 Rh8 26. Bf2 Rb8 27. Be1 Nh4 28. Rc2 b4
29. Nb1 a5 30. Nc1 a4 31. Rd2 Ng6 32. Nd3 Bf6 33. Bf2 h5 34. Bg1 hxg4 35. hxg4
Rxh2 36. Qxh2 Nh4 37. Qe2 Qf7 38. Rd1 Ng6 39. Nd2 Be7 40. Rf1 Rh8 41. Nf2 Bd8
42. Rc1 Ba5 43. b3 Ra8 44. Kb2 Be8 45. Ra1 Qa7 46. Nd3 Bb6 47. Qd1 Bd7 48. a3
bxa3+ 49. Rxa3 Ba5 50. bxa4 Bxd2 51. Qxd2 Bxa4 52. Ka1 Nh4 53. Qa2 Qa5 54. Bf2
Nxf3 55. Nb2 Qd2 56. Nxa4 Qc1+ 0-1

[Event "2. Bundesliga Ost 2013/2014"]
[Site "Wien"]
[Date "2014.03.23"]
[Round "11"]
[Board "1"]
[White "Volkmann, Friedrich Karl"]
[Black "Videki, Sandor"]
[Result "1-0"]
[WhiteElo "2420"]
[BlackElo "2434"]
[PlyCount "91"]
[EventDate "2013.10.05"]
[EventType "team"]
[EventRounds "11"]
[EventCountry "AUT"]
[WhiteTeam "ASVOE Wulkaprodersdorf"]
[BlackTeam "Spg Data Technology Eichgraben/P."]

1. d4 Nf6 2. Nf3 d6 3. Nc3 g6 4. e4 Bg7 5. Be2 O-O 6. O-O a6 7. e5 Nfd7 8. exd6
cxd6 9. a4 Nf6 10. d5 Bg4 11. Nd2 Bxe2 12. Qxe2 Nbd7 13. a5 Qc7 14. Nc4 Rac8
15. Ra4 Rfe8 16. Be3 Qb8 17. h3 Nc5 18. Rb4 Nfd7 19. Na4 Nxa4 20. Rxa4 Ne5 21.
Nb6 Rc7 22. c3 Nd7 23. Re1 Nxb6 24. Bxb6 Rd7 25. Re4 h5 26. g4 hxg4 27. hxg4
Rf8 28. Rxe7 Rxe7 29. Qxe7 Qc8 30. f3 Qc4 31. Qxd6 Qd3 32. Kf2 Qd2+ 33. Re2 Qg5
34. Be3 Qh4+ 35. Qg3 Qd8 36. Bc5 Re8 37. Rxe8+ Qxe8 38. d6 Qb5 39. Bb4 Qd5 40.
Qf4 Be5 41. c4 Qe6 42. Qe4 Qf6 43. d7 Bc7 44. Qe8+ Kh7 45. Bc3 Qh4+ 46. Ke2 1-0

[Event "2. Bundesliga Ost 2013/2014"]
[Site "Wien"]
[Date "2014.03.23"]
[Round "11"]
[Board "2"]
[White "Ganaus, Hannes"]
[Black "Wallner, Joachim"]
[Result "1/2-1/2"]
[WhiteElo "2302"]
[BlackElo "2365"]
[PlyCount "59"]
[EventDate "2013.10.05"]
[EventType "team"]
[EventRounds "11"]
[EventCountry "AUT"]
[WhiteTeam "Spg Data Technology Eichgraben/P."]
[BlackTeam "ASVOE Wulkaprodersdorf"]

1. d4 d5 2. c4 c6 3. cxd5 cxd5 4. Nc3 Nf6 5. Bf4 Nc6 6. e3 a6 7. Bd3 Bg4 8.
Nge2 e6 9. h3 Bh5 10. O-O Bg6 11. Rc1 Bd6 12. Bxd6 Qxd6 13. Nf4 Bxd3 14. Nxd3
O-O 15. Qf3 Rfc8 16. Qf4 Qxf4 17. Nxf4 b5 18. Nd3 Nd7 19. Ne2 Kf8 20. Rc2 Na7
21. Rxc8+ Rxc8 22. Rc1 Rxc1+ 23. Nexc1 Nc6 24. Kf1 Ke7 25. Ke2 Kd6 26. Nb3 a5
27. f4 f6 28. a3 a4 29. Nbc1 Na5 30. Na2 1/2-1/2

[Event "2. Bundesliga Ost 2013/2014"]
[Site "Wien"]
[Date "2014.03.23"]
[Round "11"]
[Board "3"]
[White "Kopinits, Anna-Christina"]
[Black "Rumpl, Erwin"]
[Result "1/2-1/2"]
[WhiteElo "2286"]
[BlackElo "2308"]
[PlyCount "60"]
[EventDate "2013.10.05"]
[EventType "team"]
[EventRounds "11"]
[EventCountry "AUT"]
[WhiteTeam "ASVOE Wulkaprodersdorf"]
[BlackTeam "Spg Data Technology Eichgraben/P."]

1. e4 e6 2. d4 d5 3. Nd2 c5 4. exd5 Qxd5 5. Ngf3 cxd4 6. Bc4 Qd6 7. O-O Nf6 8.
Nb3 Nc6 9. Nbxd4 Nxd4 10. Nxd4 a6 11. Bb3 Bd7 12. Be3 Qc7 13. Qf3 Bd6 14. h3
O-O-O 15. c4 Bc6 16. Nxc6 Qxc6 17. Qxc6+ bxc6 18. Bc2 Be5 19. Rab1 Bd4 20. Bc1
Kc7 21. b4 Rb8 22. Rd1 e5 23. Rxd4 exd4 24. Bf4+ Kb6 25. c5+ Kb5 26. Bd3+ Ka4
27. Bc2+ Kb5 28. Bd3+ Ka4 29. Bc2+ Kb5 30. Bd3+ Ka4 1/2-1/2

[Event "2. Bundesliga Ost 2013/2014"]
[Site "Wien"]
[Date "2014.03.23"]
[Round "11"]
[Board "4"]
[White "Neumeier, Klaus"]
[Black "Newrkla, Katharina"]
[Result "0-1"]
[WhiteElo "2296"]
[BlackElo "2174"]
[PlyCount "44"]
[EventDate "2013.10.05"]
[EventType "team"]
[EventRounds "11"]
[EventCountry "AUT"]
[WhiteTeam "Spg Data Technology Eichgraben/P."]
[BlackTeam "ASVOE Wulkaprodersdorf"]

1. d4 d5 2. c4 c6 3. Nf3 Nf6 4. e3 Bf5 5. Nc3 e6 6. Nh4 Bg6 7. Be2 Nbd7 8. O-O
Ne4 9. Nxg6 hxg6 10. cxd5 exd5 11. Nxe4 dxe4 12. d5 Bd6 13. h3 c5 14. Qa4 Qe7
15. Bb5 O-O-O 16. Qxa7 Rxh3 17. f4 Qh4 18. Bxd7+ Rxd7 19. gxh3 Qg3+ 20. Kh1
Qxh3+ 21. Kg1 Qg3+ 22. Kh1 Rd8 0-1

[Event "2. Bundesliga Ost 2013/2014"]
[Site "Wien"]
[Date "2014.03.23"]
[Round "11"]
[Board "5"]
[White "Mesaros, Florian"]
[Black "Weissenbeck, Manuel"]
[Result "1-0"]
[WhiteElo "2180"]
[BlackElo "2249"]
[PlyCount "59"]
[EventDate "2013.10.05"]
[EventType "team"]
[EventRounds "11"]
[EventCountry "AUT"]
[WhiteTeam "ASVOE Wulkaprodersdorf"]
[BlackTeam "Spg Data Technology Eichgraben/P."]

1. Nf3 c5 2. c4 Nc6 3. d4 cxd4 4. Nxd4 Nf6 5. Nc3 g6 6. e4 d6 7. Be2 Bg7 8. Be3
Bd7 9. O-O O-O 10. f3 Re8 11. Qd2 Nxd4 12. Bxd4 Bc6 13. b4 b6 14. Rfd1 Qd7 15.
a4 Qb7 16. a5 bxa5 17. b5 Bd7 18. Rxa5 a6 19. Rda1 axb5 20. Ra7 Rxa7 21. Rxa7
Qb8 22. cxb5 Bc8 23. b6 Nd7 24. Nd5 e6 25. Bb5 exd5 26. Bxd7 Bxd7 27. Rxd7 dxe4
28. Bxg7 Qxb6+ 29. Bd4 e3 30. Qb2 1-0

[Event "2. Bundesliga Ost 2013/2014"]
[Site "Wien"]
[Date "2014.03.23"]
[Round "11"]
[Board "6"]
[White "Hechl, Gerald"]
[Black "Exler, Veronika"]
[Result "1-0"]
[WhiteElo "2182"]
[BlackElo "2148"]
[PlyCount "115"]
[EventDate "2013.10.05"]
[EventType "team"]
[EventRounds "11"]
[EventCountry "AUT"]
[WhiteTeam "Spg Data Technology Eichgraben/P."]
[BlackTeam "ASVOE Wulkaprodersdorf"]

1. d4 d5 2. Bg5 c6 3. e3 Qb6 4. Qc1 Bf5 5. Nf3 Nd7 6. c4 e6 7. Nc3 h6 8. Bh4
Ngf6 9. Be2 Be7 10. O-O O-O 11. c5 Qd8 12. b4 Ne4 13. Nxe4 Bxe4 14. Bg3 Bxf3
15. Bxf3 a5 16. b5 cxb5 17. Qb2 b4 18. a3 b6 19. axb4 axb4 20. c6 Nf6 21. Rfc1
Ra5 22. h3 Qa8 23. Bh2 Rc8 24. c7 Ne8 25. Bd1 Qa7 26. Rxa5 bxa5 27. Ba4 Nd6 28.
Rc6 Nc4 29. Qc2 Na3 30. Qd3 Nc4 31. Qc2 Qb7 32. e4 Na3 33. Qb3 Nb5 34. exd5
Nxd4 35. Qe3 Nxc6 36. Bxc6 Qa6 37. Bd7 Rf8 38. dxe6 f6 39. Qb3 Ra8 40. Qa4 Qe2
41. Bg3 Qe1+ 42. Kh2 Qc3 43. Qb5 Rf8 44. Qb8 b3 45. c8=Q Rxc8 46. Bxc8 Qb4 47.
Qa8 b2 48. Ba6+ Bf8 49. Bd3 a4 50. Bb1 h5 51. Ba2 Kh7 52. Bb1+ Kg8 53. Qd5 Qc5
54. Qe4 f5 55. Qxa4 g5 56. Qe8 h4 57. Qf7+ Kh8 58. Qh5+ 1-0

[Event "2. Bundesliga Ost 2013/2014"]
[Site "Wien"]
[Date "2014.03.23"]
[Round "11"]
[Board "1"]
[White "Loeffler, Stefan"]
[Black "Plachetka, Jan"]
[Result "1/2-1/2"]
[WhiteElo "2415"]
[BlackElo "2365"]
[PlyCount "80"]
[EventDate "2013.10.05"]
[EventType "team"]
[EventRounds "11"]
[EventCountry "AUT"]
[WhiteTeam "ASVOE VHS Poechlarn"]
[BlackTeam "SK Austria"]

1. d4 Nf6 2. c4 c5 3. d5 b5 4. Nf3 g6 5. cxb5 a6 6. Qc2 d6 7. e4 Bg7 8. Nc3 O-O
9. a4 e6 10. dxe6 fxe6 11. Bg5 Qa5 12. Rd1 d5 13. Bxf6 Bxf6 14. exd5 exd5 15.
Rxd5 Re8+ 16. Be2 Bb7 17. O-O Bxc3 18. Bc4 Kg7 19. bxc3 Bxd5 20. Bxd5 Ra7 21.
c4 Qd8 22. Re1 Qf6 23. Qb3 Rae7 24. h4 Re2 25. Qa3 Qd6 26. Qa1+ Qf6 27. Bb7
Qxa1 28. Rxa1 a5 29. Rd1 R8e7 30. Bc8 Rc2 31. Rd8 Rxc4 32. Ng5 h6 33. Ne6+ Kf6
34. f4 Rxa4 35. Rd6 Kf7 36. Nxc5 Rxf4 37. Be6+ Kg7 38. Rb6 Rf8 39. Bb3 Nd7 40.
Rb7 Nxc5 1/2-1/2

[Event "2. Bundesliga Ost 2013/2014"]
[Site "Wien"]
[Date "2014.03.23"]
[Round "11"]
[Board "2"]
[White "Theissl-Pokorna, Regina"]
[Black "Kostic, Vladimir"]
[Result "1/2-1/2"]
[WhiteElo "2343"]
[BlackElo "2436"]
[PlyCount "26"]
[EventDate "2013.10.05"]
[EventType "team"]
[EventRounds "11"]
[EventCountry "AUT"]
[WhiteTeam "SK Austria"]
[BlackTeam "ASVOE VHS Poechlarn"]

1. e4 c5 2. Nf3 e6 3. d4 cxd4 4. Nxd4 Nf6 5. Nc3 Nc6 6. Nxc6 bxc6 7. e5 Nd5 8.
Ne4 Qc7 9. f4 Qa5+ 10. c3 Qb6 11. Bd3 Ba6 12. Qe2 Bxd3 13. Qxd3 Be7 1/2-1/2

[Event "2. Bundesliga Ost 2013/2014"]
[Site "Wien"]
[Date "2014.03.23"]
[Round "11"]
[Board "3"]
[White "Weinzettl, Ernst"]
[Black "Hangweyrer, Manfred"]
[Result "1/2-1/2"]
[WhiteElo "2312"]
[BlackElo "2375"]
[PlyCount "30"]
[EventDate "2013.10.05"]
[EventType "team"]
[EventRounds "11"]
[EventCountry "AUT"]
[WhiteTeam "ASVOE VHS Poechlarn"]
[BlackTeam "SK Austria"]

1. e4 d6 2. d4 Nf6 3. Nc3 e5 4. dxe5 dxe5 5. Qxd8+ Kxd8 6. Bg5 Be6 7. g3 Bb4 8.
O-O-O+ Kc8 9. Bxf6 gxf6 10. Nd5 Bxd5 11. Rxd5 c6 12. Rd3 Rd8 13. Rxd8+ Kxd8 14.
Bc4 Bc5 15. Nh3 Ke7 1/2-1/2

[Event "2. Bundesliga Ost 2013/2014"]
[Site "Wien"]
[Date "2014.03.23"]
[Round "11"]
[Board "4"]
[White "Druckenthaner, Andreas"]
[Black "Loidl, Florian"]
[Result "1/2-1/2"]
[WhiteElo "2324"]
[BlackElo "2192"]
[PlyCount "73"]
[EventDate "2013.10.05"]
[EventType "team"]
[EventRounds "11"]
[EventCountry "AUT"]
[WhiteTeam "SK Austria"]
[BlackTeam "ASVOE VHS Poechlarn"]

1. e4 c6 2. d4 d5 3. Nc3 dxe4 4. Nxe4 Bf5 5. Ng3 Bg6 6. Nf3 Nd7 7. Be2 e6 8.
O-O Ngf6 9. c4 Be7 10. b3 Qc7 11. Bb2 O-O-O 12. a3 h5 13. Re1 h4 14. Nf1 c5 15.
Bd3 Bxd3 16. Qxd3 cxd4 17. Bxd4 h3 18. Ng3 hxg2 19. Kxg2 Nh5 20. Qe3 Nf4+ 21.
Kf1 Bf6 22. Rad1 g5 23. Bxf6 Nxf6 24. Qxa7 Qc6 25. Qa8+ Kc7 26. Qa5+ Kc8 27.
Qa8+ Kc7 28. Qa5+ b6 29. Qa7+ Kc8 30. Qa6+ Kb8 31. Qb5 Qxf3 32. Qxb6+ Kc8 33.
Qc5+ Kb7 34. Qb5+ Kc7 35. Qa5+ Kc8 36. Qc5+ Kb7 37. Qb5+ 1/2-1/2

[Event "2. Bundesliga Ost 2013/2014"]
[Site "Wien"]
[Date "2014.03.23"]
[Round "11"]
[Board "5"]
[White "Mittermayr, Gerhard"]
[Black "Poecksteiner, Johann"]
[Result "1/2-1/2"]
[WhiteElo "2104"]
[BlackElo "2157"]
[PlyCount "53"]
[EventDate "2013.10.05"]
[EventType "team"]
[EventRounds "11"]
[EventCountry "AUT"]
[WhiteTeam "ASVOE VHS Poechlarn"]
[BlackTeam "SK Austria"]

1. e4 d5 2. exd5 Qxd5 3. Nc3 Qa5 4. Nf3 Nf6 5. d4 Bg4 6. h3 Bh5 7. g4 Bg6 8.
Bd2 e6 9. Ne5 Qb6 10. Bg2 c6 11. Qe2 Bxc2 12. Rc1 Bg6 13. d5 Bd6 14. dxc6 Nxc6
15. Nxc6 bxc6 16. Na4 Qd4 17. Bxc6+ Ke7 18. Rc4 Qd3 19. Bxa8 Rxa8 20. Qxd3 Bxd3
21. Rd4 Be4 22. O-O e5 23. Rxd6 Kxd6 24. Rc1 Rb8 25. a3 Nd7 26. Bb4+ Ke6 27.
Rc7 1/2-1/2

[Event "2. Bundesliga Ost 2013/2014"]
[Site "Wien"]
[Date "2014.03.23"]
[Round "11"]
[Board "6"]
[White "Steiner, Johann"]
[Black "Gratze, Michael"]
[Result "1/2-1/2"]
[WhiteElo "2038"]
[BlackElo "1982"]
[PlyCount "41"]
[EventDate "2013.10.05"]
[EventType "team"]
[EventRounds "11"]
[EventCountry "AUT"]
[WhiteTeam "SK Austria"]
[BlackTeam "ASVOE VHS Poechlarn"]

1. e4 c5 2. c4 Nc6 3. g3 g6 4. Bg2 Bg7 5. Ne2 d6 6. Nbc3 Bg4 7. d3 Nd4 8. h3
Bf3 9. Bxf3 Nxf3+ 10. Kf1 Nf6 11. Be3 Nd7 12. Kg2 Nde5 13. d4 cxd4 14. Nxd4
Nxd4 15. Bxd4 O-O 16. b3 Qa5 17. Nd5 Nc6 18. Bxg7 Kxg7 19. h4 e6 20. Ne3 Qe5
21. Qg4 1/2-1/2

[Event "2. Bundesliga Ost 2013/2014"]
[Site "Wien"]
[Date "2014.03.23"]
[Round "11"]
[Board "1"]
[White "Schroll, Gerhard"]
[Black "Zilka, Stepan"]
[Result "1/2-1/2"]
[WhiteElo "2384"]
[BlackElo "2525"]
[PlyCount "142"]
[EventDate "2013.10.05"]
[EventType "team"]
[EventRounds "11"]
[EventCountry "AUT"]
[WhiteTeam "Zwettl"]
[BlackTeam "Blackburne Nickelsdorf"]

1. e4 e5 2. Nf3 Nc6 3. Bc4 Bc5 4. Nc3 Nf6 5. d3 d6 6. Bg5 h6 7. Bxf6 Qxf6 8.
Nd5 Qd8 9. c3 a6 10. d4 Ba7 11. dxe5 Nxe5 12. Nxe5 dxe5 13. Qh5 O-O 14. Qxe5
Be6 15. O-O-O Qh4 16. g3 Qg5+ 17. Qxg5 hxg5 18. Bb3 c6 19. Ne3 Bxb3 20. axb3
Rae8 21. Rd7 Bxe3+ 22. fxe3 b5 23. Rd4 Re6 24. b4 Rfe8 25. Kd2 Rh6 26. Kd3 Ree6
27. Rf1 Rxh2 28. Rd8+ Kh7 29. Rxf7 Kg6 30. Rdd7 Kh5 31. Rfe7 Rxe7 32. Rxe7 Rxb2
33. Rxg7 Kg4 34. e5 Kf5 35. g4+ Kxe5 36. Rxg5+ Kd6 37. Rg6+ Kd7 38. g5 Ra2 39.
e4 a5 40. bxa5 Rxa5 41. e5 Ra3 42. Rd6+ Kc7 43. g6 b4 44. Ke4 bxc3 45. g7 Ra8
46. Rd3 c2 47. Rc3 Rg8 48. Rxc2 Rxg7 49. Kf5 Kd7 50. Kf6 Rg1 51. Rd2+ Ke8 52.
Ra2 Re1 53. Ke6 Kd8 54. Ra7 Re2 55. Rd7+ Ke8 56. Rh7 Kd8 57. Rd7+ Ke8 58. Rd3
c5 59. Rc3 c4 60. Rxc4 Kf8 61. Rc8+ Kg7 62. Ra8 Re1 63. Ra5 Kf8 64. Rd5 Ke8 65.
Rd2 Re3 66. Rh2 Kf8 67. Rh8+ Kg7 68. Ra8 Re1 69. Rb8 Re2 70. Rb5 Kf8 71. Rd5
Ke8 1/2-1/2

[Event "2. Bundesliga Ost 2013/2014"]
[Site "Wien"]
[Date "2014.03.23"]
[Round "11"]
[Board "2"]
[White "Vlcek, Stanislav"]
[Black "Blatny, Pavel"]
[Result "1-0"]
[WhiteElo "2309"]
[BlackElo "2414"]
[PlyCount "99"]
[EventDate "2013.10.05"]
[EventType "team"]
[EventRounds "11"]
[EventCountry "AUT"]
[WhiteTeam "Blackburne Nickelsdorf"]
[BlackTeam "Zwettl"]

1. e4 b6 2. d4 Bb7 3. Bd3 g6 4. Nf3 Bg7 5. O-O e6 6. Re1 Ne7 7. Be3 d6 8. Qd2
h6 9. c4 Nd7 10. Nc3 g5 11. h3 Ng6 12. Ne2 Nf6 13. Ng3 g4 14. hxg4 Nxg4 15. Nh5
Bf6 16. Bf4 e5 17. Bg3 Qe7 18. c5 O-O-O 19. cxb6 cxb6 20. Rac1+ Kb8 21. Nxf6
Qxf6 22. Bb5 h5 23. Qg5 Qxg5 24. Nxg5 h4 25. Bh2 Nxh2 26. Kxh2 Rdf8 27. dxe5
Nxe5 28. f3 Bc8 29. Be2 Rh6 30. Rc3 Ng6 31. Bc4 Nf4 32. Nxf7 Rg6 33. Rc2 d5 34.
Ne5 dxc4 35. Nxg6 Nxg6 36. Rxc4 Ne5 37. Rc3 h3 38. Ree3 hxg2 39. Kxg2 Rg8+ 40.
Kf2 Ng6 41. Red3 Nf4 42. Rd2 Ba6 43. a4 Bb7 44. b4 Re8 45. Rd7 Ne6 46. Ke3 Ng5
47. Rcc7 Bc8 48. Re7 Rf8 49. f4 Ne6 50. Rxc8+ 1-0